000 00628nam a2200241Ia 4500
003 OSt
005 20220918181054.0
006 a|||||r|||| 00| 0
007 ta
008 220917b |||||||| |||| 00| 0 eng d
024 _a25,384
037 _cTextual
040 _aARTS
_cARTS
_beng
041 _2eng
_aeng
082 _aO111,1:g, K1
100 _aWain John ed
245 0 _aInterpretation
_b essays on literature
260 _aLondon
_bMercury Books
_c1961
300 _a235p.
_ccm.
650 _aENGLISH LITERATURE
942 _hO111,1:g, K1
_cTEXL
_2CC
999 _c164274
_d164274